| 000 | 00539nam a2200193 a 4500 | ||
|---|---|---|---|
| 005 | 20240925064658.0 | ||
| 008 | 991125s1978 new 000 0 eng u | ||
| 020 | _a0060107995 | ||
| 035 | _aUPN01000043810 | ||
| 049 | _aCG | ||
| 050 | 4 |
_aHM271 _bC5.6 |
|
| 100 | 1 | _aClark, Kenneth Bancroft | |
| 245 | 1 | 0 |
_aPathos of power / _cKenneth B. Clark. |
| 260 |
_aNew York : _bHarper & Row, _c1978. |
||
| 300 | _a188 p. | ||
| 650 | 4 |
_aPoder (Ciencias sociales) _91203 |
|
| 651 | 4 |
_aESTADOS UNIDOS - _xCONDICIONES SOCIALES _923749 |
|
| 905 | _aLibro | ||
| 999 |
_c43810 _d43810 |
||